政令指定都市の区の人口ランキング(難しい) - Statistics

General Stats
  • This quiz has been taken 14 times
    12 since last reset
  • The average score is 15 of 171
Answer Stats
地域 人口 区名 % Correct
中部 604410 中央区
92%
九州 330429 東区
67%
東北 296338 青葉区
67%
関東 358165 港北区
58%
中国 294198 北区
42%
中部 24845 天竜区
42%
関東 306960 青葉区
33%
北海道 284333 北区
33%
東北 234710 太白区
33%
東北 207380 泉区
33%
東北 187541 宮城野区
33%
九州 54471 戸畑区
33%
九州 270351 南区
25%
中部 249204 緑区
25%
北海道 245916 中央区
25%
九州 245867 博多区
25%
九州 244982 八幡西区
25%
九州 191055 東区
25%
九州 176575 中央区
25%
九州 139711 北区
25%
東北 138173 若林区
25%
九州 133843 南区
25%
九州 91037 門司区
25%
九州 90147 西区
25%
関東 295947 鶴見区
17%
関東 271862 中央区
17%
北海道 260418 東区
17%
中国 242704 安佐南区
17%
九州 223528 早良区
17%
北海道 218835 西区
17%
九州 209184 西区
17%
九州 204206 小倉南区
17%
九州 201392 中央区
17%
九州 177556 小倉北区
17%
北海道 133337 南区
17%
九州 127389 城南区
17%
九州 79060 若松区
17%
九州 62265 八幡東区
17%
中部 52567 西蒲区
17%
中部 42214 南区
17%
関西 37214 美原区
17%
関西 32993 東山区
17%
関東 280846 戸塚区
8%
関東 278860 南区
8%
関西 265268 伏見区
8%
関東 245832 神奈川区
8%
中部 244034 葵区
8%
北海道 227092 豊平区
8%
中部 223176 清水区
8%
中部 215992 中川区
8%
北海道 213531 白石区
8%
中部 205565 駿河区
8%
中国 184899 西区
8%
中部 175961 守山区
8%
中部 172041 中央区
8%
中国 164472 南区
8%
中部 161333 北区
8%
中部 160425 千種区
8%
中部 159594 名東区
8%
中部 156525 天白区
8%
関東 155380 美浜区
8%
中部 154669 浜名区
8%
中部 152266 西区
8%
中部 147999 西区
8%
中国 145840 中区
8%
中部 141271 港区
8%
中国 140221 南区
8%
北海道 139810 手稲区
8%
中国 139617 佐伯区
8%
中部 137948 中村区
8%
中国 137102 中区
8%
中国 136745 安佐北区
8%
中部 131917 南区
8%
中部 130833 東区
8%
北海道 123293 厚別区
8%
中国 117089 東区
8%
北海道 109113 清田区
8%
中部 99504 中区
8%
中国 91180 東区
8%
中部 85185 東区
8%
中国 75166 安芸区
8%
中部 73907 秋葉区
8%
中部 70155 北区
8%
中部 67520 江南区
8%
中部 65904 熱田区
8%
関西 61890 大正区
8%
関東 263731 中原区
0%
関東 241954 旭区
0%
関東 234249 宮前区
0%
関東 233887 川崎区
0%
関東 231957 高津区
0%
関西 231386 西区
0%
関東 218533 多摩区
0%
関東 216963 中央区
0%
関東 214756 都筑区
0%
関東 211469 港南区
0%
関西 210779 垂水区
0%
関西 210422 東灘区
0%
関西 208114 北区
0%
関東 202706 保土ケ谷区
0%
関東 200586 南区
0%
関東 195507 南区
0%
関東 192009 金沢区
0%
関西 190590 右京区
0%
関西 187648 平野区
0%
関西 184388 淀川区
0%
関東 181558 緑区
0%
関東 177976 麻生区
0%
関東 176964 花見川区
0%
関東 174808 幸区
0%
関西 171844 東淀川区
0%
関西 170197 城東区
0%
関東 169815 浦和区
0%
関東 165772 緑区
0%
関東 165586 磯子区
0%
関東 165465 見沼区
0%
関東 158426 稲毛区
0%
関西 156441 北区
0%
関東 155366 中区
0%
関西 154928 須磨区
0%
関西 152260 住吉区
0%
関東 151122 北区
0%
関東 151056 泉区
0%
関西 150504 左京区
0%
関西 147241 堺区
0%
関東 146761 若葉区
0%
関西 142766 西京区
0%
関西 141357 北区
0%
関西 140761 中央区
0%
関西 134876 西区
0%
関東 134711 緑区
0%
関西 133291 東住吉区
0%
関西 132177 南区
0%
関西 132080 灘区
0%
関東 129402 緑区
0%
関西 126884 生野区
0%
関東 126417 大宮区
0%
関西 125602 山科区
0%
関東 121731 瀬谷区
0%
関東 120683 栄区
0%
関西 118771 中央区
0%
関西 118050 中区
0%
関西 117229 住之江区
0%
関西 112617 阿倍野区
0%
関東 112135 岩槻区
0%
関西 111616 鶴見区
0%
関西 110826 西区
0%
関西 110227 兵庫区
0%
中部 107751 瑞穂区
0%
関西 106872 都島区
0%
関西 106500 北区
0%
中部 106491 昭和区
0%
関東 106188 西区
0%
関西 105936 中京区
0%
関西 105151 西成区
0%
関東 103111 中央区
0%
関西 100929 南区
0%
関西 98386 西淀川区
0%
関東 96620 桜区
0%
関東 95597 西区
0%
関西 94846 長田区
0%
関西 90613 旭区
0%
関西 86902 東成区
0%
関西 85994 東区
0%
関西 84726 天王寺区
0%
関西 82015 福島区
0%
関西 80247 港区
0%
関西 79032 浪速区
0%
関西 77491 下京区
0%
関西 75308 上京区
0%
関西 64155 此花区
0%
No matching quizzes found
Score Distribution
Percent of People with Each Score
Percentile by Number Answered
Your Score History
You have not taken this quiz since the last reset